00866cam a22002537a 450000100040000000500170000400800410002102000170006204000230007905000180010208200080012010000270012824500660015526000350022130000400025649000420029650000320033850000510037050500080042152001260042952100210055552100200057670000160059699120230815150959.0940502s1992 nyua 000 0 eng  a0590456466 : aDLCcDLCdDLCbeng00aMLC R CP01296 aFic1 aMartin, Ann M.,d1955-10aKaren's bully /cAnn M. Martin ; illustrations by Susan Tang. aNew York :bScholastic,c1992. a107 pages :billustrations ;c20 cm1 aBaby-sitters little sister ;vBook 31 a"A Little Apple paperback." aSource: Copyright deposit, Jan. 14, 1994.5DLC aM  aBobby, the class bully, is moving into Karen's neighborhood and she'll have no peace until she declares war on the bully. a540 bLexile  aM bRaz-Plus 1 aTang, Susan